[Event "Olympiad Women 2024"]
[Site "Budapest HUN"]
[Date "2024.09.19"]
[Round "8.14"]
[Board "1"]
[White "Kosteniuk, Alexandra"]
[Black "Shohradova, Lala"]
[Result "1/2-1/2"]
[WhiteElo "2483"]
[BlackElo "2030"]
[PlyCount "118"]
[EventDate "2024.09.11"]
[WhiteTeam "Switzerland"]
[BlackTeam "Turkmenistan"]
[WhiteTeamCountry "SUI"]
[BlackTeamCountry "TKM"]

1. e4 e6 2. d4 d5 3. e5 c5 4. c3 Qb6 5. Nf3 Nc6 6. a3 Bd7 7. b4 cxd4 8. cxd4 Rc8 9. Bb2 Nge7 10. Nc3 Na5 11. Na4 Qc6 12. Nc5 Nc4 13. Bc1 ({RR} 13. Bc3 b6 14. Nxd7 Qxd7 15. Bd3 g6 16. Qe2 h5 17. Bd2 Nxd2 18. Nxd2 Bh6 19. Bb5 Nc6 20. Nf3 O-O 21. O-O Qe7 22. Ba6 Rc7 23. Rfd1 Nb8 24. Bd3 a5 25. bxa5 bxa5 26. Qe1 Nc6 27. Rdb1 Ra8 {½-½ Caruana,F (2803)-Praggnanandhaa,R (2747) FIDE Candidates 2024 (7.3)}) 13... Ng6 $146 ({RR} 13... Nf5 14. Bd3 Bxc5 15. dxc5 b6 16. cxb6 Nxe5 17. Bxf5 Qc3+ 18. Bd2 Nxf3+ 19. gxf3 Qe5+ 20. Be3 Qxf5 21. bxa7 O-O 22. Rg1 Rfe8 23. f4 e5 24. Rg5 Qe4 25. Rxe5 Rxe5 26. fxe5 Bg4 27. Rc1 Ra8 28. Qc2 {0-1 Zhigalko,S (2478)-Socko,B (2554) Warsaw AIG Life rapid Gp3 2004 (1)}) ({RR} 13... b6 14. Nxd7 Qxd7 15. Bd3 b5 16. h4 Nc6 17. h5 h6 18. Rh4 a5 19. bxa5 Ra8 20. Rg4 Rxa5 21. Kf1 b4 22. a4 Ra8 23. Nd2 N6a5 24. Nb3 Qa7 25. Nxa5 Qxa5 26. Qb3 Rc8 27. Kg1 Qa7 28. a5 {1-0 Siddharth,J (2516)-Halynyazov,V (2049) FIDE World Rapid Team 2024 (3.45)}) ({RR} 13... Qc7 14. Bd3 h6 15. O-O Nc6 16. Re1 b6 17. Bxc4 dxc4 18. Ne4 Qb7 19. Nd6+ Bxd6 20. exd6 O-O 21. Ne5 Nxe5 22. dxe5 f5 23. Bf4 c3 24. h4 Rc4 25. g3 Rfc8 26. Rc1 c2 27. Qh5 Be8 28. Qe2 {0-1 Hendriks,W (2417)-Sengupta,D (2555) Leiden LCT op-A 7th 2013 (3)}) ({RR} 13... b6 14. Nxd7 Qxd7 15. Bd3 Nc6 16. h4 b5 17. h5 h6 18. Rh4 a5 19. bxa5 Ra8 20. Nd2 Qd8 21. Rg4 Qxa5 22. Kf1 Qc3 23. Nb3 N6a5 24. Rb1 Bxa3 25. Nxa5 Rxa5 26. Kg1 Bxc1 27. Rxc1 Qb2 28. Rb1 {1-0 Hendriks,W (2407)-De Gleria,F (2362) BL2-West 1314 2013 (4.5)}) 14. h4 Bxc5 15. dxc5 Qc7 16. Bxc4 dxc4 17. Qd6 h5 18. Bg5 b6 19. Be3 bxc5 20. Bxc5 Bc6 21. Qxc7 Rxc7 22. Bd6 Rd7 23. O-O-O Nf4 24. Nd4 Bxg2 25. Rhg1 Rh6 26. f3 Rg6 27. Rd2 Bh3 28. Rxg6 Nxg6 29. Nb5 Bf1 30. Rf2 Bd3 31. Nc7+ Kd8 32. Na6 Kc8 33. Nc5 Rd8 34. f4 Bf5 35. b5 f6 36. a4 fxe5 37. fxe5 Nxe5 38. Bxe5 Rd5 39. Nxe6 Rxe5 40. Nxg7 Bg4 41. Kd2 Kc7 42. Rf6 Re4 43. Kc3 a5 44. bxa6 Kb8 45. Rf7 Ka8 46. Rc7 Kb8 47. Rb7+ Ka8 48. Rf7 Kb8 49. a5 Re5 50. Kb4 c3 51. Kxc3 Rxa5 52. Rf6 Ka7 53. Kd4 Rxa6 54. Rf7+ Kb8 55. Ke5 Kc8 56. Kf4 Kd8 57. Kg5 Ra5+ 58. Kg6 Ra6+ 59. Kg5 Ra5+ 1/2-1/2

[Event "Olympiad Women 2024"]
[Site "Budapest HUN"]
[Date "2024.09.19"]
[Round "8.14"]
[Board "2"]
[White "Agajanova, Meryem"]
[Black "Georgescu, Lena"]
[Result "1/2-1/2"]
[WhiteElo "2007"]
[BlackElo "2266"]
[PlyCount "97"]
[EventDate "2024.09.11"]
[WhiteTeam "Turkmenistan"]
[BlackTeam "Switzerland"]
[WhiteTeamCountry "TKM"]
[BlackTeamCountry "SUI"]

1. d4 Nf6 2. c4 e6 3. g3 d5 4. Bg2 Bb4+ 5. Bd2 Be7 6. Nf3 c6 7. Qc2 Nbd7 8. O-O Ne4 ({RR} 8... b6 9. Bf4 Ba6 10. Nbd2 O-O 11. Rfc1 Nh5 12. Be3 Nhf6 13. Bf4 Nh5 14. cxd5 Nxf4 15. gxf4 cxd5 16. e3 Rc8 17. Qa4 Nb8 18. Ne5 f6 19. Nef3 g6 20. Bf1 Bxf1 21. Kxf1 {½-½ Postny,E (2595)-Movsesian,S (2723) CRO-chT1A 19th 2010 (2)}) 9. Be1 f5 10. b4 h5 $146 ({RR} 10... Nd6 11. c5 Ne4 12. a4 a6 13. Nc3 O-O 14. e3 g5 15. Nd2 g4 16. Ne2 Nxd2 17. Bxd2 Nf6 18. Nf4 Bd7 19. h4 gxh3 20. Bxh3 Ne4 21. Kh2 Kh8 22. f3 Ng5 23. Bg2 Rg8 24. Rh1 Qf8 25. Kg1 {1-0 Bryakin,M (2468)-Blohberger,F (2506) Chess.com Classic Play-In 2024 (9.55)}) 11. Ne5 Nxe5 12. dxe5 h4 13. f3 Ng5 14. gxh4 Nf7 15. f4 Bxh4 16. Nd2 Bxe1 17. Raxe1 g5 18. e3 g4 19. Rf2 Bd7 20. Nf1 Rh7 21. Rc1 Qb6 22. a3 Nh8 23. cxd5 cxd5 24. Qc7 Ng6 25. Qxb6 axb6 26. Rc7 Rb8 27. Ng3 Ne7 28. Rc3 Rc8 29. Rfc2 Rxc3 30. Rxc3 Kd8 31. Ne2 Nc6 32. Bf1 Be8 33. b5 Na5 34. Nd4 Kd7 35. Kg2 Rh3 36. Kg1 Rh7 37. Rc2 Bf7 38. Rc3 Rh8 39. Kg2 Rh3 40. Kg1 Rh8 41. Rc2 Ra8 42. a4 Rh8 43. Rc3 Ra8 44. Kf2 Rh8 45. Kg3 Rh6 46. Rc2 Rh8 47. Rc3 Rh6 48. Rc2 Rh8 49. Rc3 1/2-1/2

[Event "Olympiad Women 2024"]
[Site "Budapest HUN"]
[Date "2024.09.19"]
[Round "8.14"]
[Board "3"]
[White "Hryzlova, Sofiia"]
[Black "Shohradova, Leyla"]
[Result "1-0"]
[WhiteElo "2188"]
[BlackElo "1873"]
[PlyCount "83"]
[EventDate "2024.09.11"]
[WhiteTeam "Switzerland"]
[BlackTeam "Turkmenistan"]
[WhiteTeamCountry "SUI"]
[BlackTeamCountry "TKM"]

1. e4 e6 2. d4 d5 3. e5 c5 4. c3 Qb6 5. Nf3 Nc6 6. a3 Bd7 7. b4 cxd4 8. cxd4 Rc8 9. Bb2 Na5 10. Nbd2 Nc4 11. Nxc4 dxc4 12. Rc1 Qa6 13. Nd2 b5 14. Be2 ({RR} 14. a4 Ne7 15. axb5 Bxb5 16. Ra1 Qb7 17. Qf3 Nd5 18. Ba3 c3 {0-1 Panda,V (2100)-Banerjee,S (2025) Titled Tue 26th Mar Late 2024 (3)}) 14... Ne7 15. Ne4 Nd5 16. Qd2 Qb7 $146 ({RR} 16... Be7 17. O-O O-O 18. Nc3 Qb6 19. Nxd5 exd5 20. f4 Qg6 21. Rc3 Bf5 22. h3 h5 23. Qd1 h4 24. Kh2 a5 25. g4 hxg3+ 26. Rxg3 Qh6 27. Bg4 Qe6 28. Rfg1 g6 29. bxa5 Ra8 30. Qd2 Ra6 31. Ra1 {0-1 Bieber,R-Schoene,M (1946) Hessenliga 0304 2003 (9.8)}) ({RR} 16... Be7 17. O-O Qb7 18. Bf3 Bc6 19. Rfe1 O-O 20. Nc5 Qc7 21. Bxd5 Bxd5 22. Rc3 f6 23. exf6 Rxf6 24. Nd3 Bxg2 25. Ne5 Ba8 26. Rg3 Qb7 27. f3 Bd6 28. Qe3 Rcf8 29. Rf1 Bxe5 30. Qxe5 Qd5 31. Qe3 {1-0 Zakaryan,D (2014)-Polovina,E (2025) Azov Don Cup 2011 (4)}) 17. O-O Bc6 18. Ng3 Be7 19. f4 g6 20. Bf3 Ra8 21. Rf2 a5 22. bxa5 Qa6 23. Bxd5 Bxd5 24. Bc3 Bd8 25. f5 exf5 26. Ne2 Bxa5 27. Bxa5 Qxa5 28. Nc3 Be4 29. Qh6 Qb6 30. Qg7 Rf8 31. e6 Qb7 32. d5 Qe7 33. d6 Qxe6 34. Nxb5 Rc8 35. Nc7+ Rxc7 36. dxc7 Ke7 37. Qd4 Bd3 38. Rb2 Rc8 39. Rb8 f6 40. Rxc8 Qxc8 41. Re1+ Be4 42. Qxc4 1-0

[Event "Olympiad Women 2024"]
[Site "Budapest HUN"]
[Date "2024.09.19"]
[Round "8.14"]
[Board "4"]
[White "Rejepova, Jahan"]
[Black "Manko, Mariia"]
[Result "0-1"]
[WhiteElo "1915"]
[BlackElo "2159"]
[PlyCount "64"]
[EventDate "2024.09.11"]
[WhiteTeam "Turkmenistan"]
[BlackTeam "Switzerland"]
[WhiteTeamCountry "TKM"]
[BlackTeamCountry "SUI"]

1. d4 Nf6 2. c4 e6 3. Nc3 d5 4. cxd5 exd5 5. Bg5 Be7 6. e3 O-O 7. Bd3 Re8 8. Nge2 c6 9. O-O Nbd7 10. Qc2 a5 ({RR} 10... a6 11. Rad1 Nf8 12. f3 Be6 13. Bh4 Rc8 14. Bf2 g6 15. Kh1 b5 16. a3 N6d7 17. Nf4 Nb6 18. e4 Bd7 19. Be3 Ne6 20. Nce2 Bf8 21. Nxe6 Bxe6 22. e5 Nc4 23. Bg1 f6 24. f4 Bg7 25. b3 {1-0 Naroditsky,D (2622)-Campora,D (2437) Benasque op 35th 2015 (9)}) 11. f3 ({RR} 11. a4 Nf8 12. Rae1 Ng6 13. Ng3 Ng4 14. Bxe7 Qxe7 15. h3 Nf6 16. f4 Qc7 17. Qf2 Bd7 18. f5 Ne7 19. e4 dxe4 20. Ncxe4 Ned5 21. Bc4 Qb6 22. Kh1 Kf8 23. b3 Rad8 24. Re2 Bc8 25. Rfe1 h6 {½-½ Moroni,L (2580)-Buksa,N (2383) 24th Dubai Open A 2024 (1.10)}) 11... b5 12. Kh1 $146 ({RR} 12. e4 Qb6 13. Kh1 dxe4 14. fxe4 h6 15. Be3 Nf8 16. e5 Ng4 17. Bg1 Bg5 18. Rf3 h5 19. Raf1 Qb7 20. Ne4 Be7 21. Rxf7 Qa6 22. N2g3 Be6 23. R7f3 a4 24. Nxh5 Bxa2 25. Rg3 Qc8 26. Be2 Be6 {1-0 Carrillo Parra,M (2191)-Moreno Marino,J (1901) COL-ch Boyaca 2022 (2)}) 12... Ba6 13. Rac1 Qb6 14. Nd1 b4 15. Bxa6 Qxa6 16. Nf2 c5 17. dxc5 Bxc5 18. Qd2 h6 19. Bf4 g5 20. Rxc5 gxf4 21. Nd3 Rxe3 22. Ndxf4 Rxe2 23. Nxe2 Nxc5 24. Rd1 Re8 25. Ng3 Qd3 26. Qc1 Qe3 27. Qc2 Nd3 28. Rf1 h5 29. h4 Qf4 30. Qxd3 Qxh4+ 31. Kg1 Qxg3 32. Qf5 Re2 0-1

[Event "Olympiad Women 2024"]
[Site "Budapest HUN"]
[Date "2024.09.19"]
[Round "8.15"]
[Board "1"]
[White "Cori T., Deysi"]
[Black "Injac, Teodora"]
[Result "0-1"]
[WhiteElo "2366"]
[BlackElo "2425"]
[PlyCount "62"]
[EventDate "2024.09.11"]
[WhiteTeam "Peru"]
[BlackTeam "Serbia"]
[WhiteTeamCountry "PER"]
[BlackTeamCountry "SRB"]

1. Nf3 Nf6 2. b3 g6 3. Bb2 Bg7 4. g3 d6 5. d4 b5 6. Bg2 Bb7 7. O-O Nbd7 8. a4 a6 9. Qd3 b4 10. a5 O-O 11. Nbd2 c5 12. dxc5 Nxc5 13. Qc4 Rb8 14. Rfd1 $146 ({RR} 14. Qh4 e5 15. Nc4 h6 16. Nb6 Nce4 17. Qh3 Rc8 18. Rad1 Qe7 19. Bc1 g5 20. Ne1 Rc5 21. Qf5 Nc3 22. Qd3 Nxd1 23. Qxd1 Rxa5 24. Be3 d5 {0-1 Khomeriki,N (2305)-Zubov,A (2612) Batumi Municipality Cup 2017 (1)}) 14... Qc7 15. Qh4 h6 16. Bxf6 exf6 17. Nc4 Ne4 18. Nd4 Rfe8 19. Rd3 f5 20. Re1 Nc5 21. Bxb7 Nxd3 22. cxd3 Rxb7 23. Nf3 d5 24. Nb6 Qc5 25. Na4 Qxa5 26. Rc1 Rc7 27. Qf4 Rxc1+ 28. Qxc1 Rxe2 29. Qc8+ Kh7 30. Kg2 Qb5 31. d4 Qd3 0-1

[Event "Olympiad Women 2024"]
[Site "Budapest HUN"]
[Date "2024.09.19"]
[Round "8.15"]
[Board "2"]
[White "Gajcin, Marina"]
[Black "Aliaga Fernandez, Ingrid Y"]
[Result "1-0"]
[WhiteElo "2253"]
[BlackElo "2111"]
[PlyCount "79"]
[EventDate "2024.09.11"]
[WhiteTeam "Serbia"]
[BlackTeam "Peru"]
[WhiteTeamCountry "SRB"]
[BlackTeamCountry "PER"]

1. e4 c5 2. Nf3 d6 3. Bb5+ Nd7 4. a4 a6 5. Be2 Ngf6 6. d3 g6 7. O-O Bg7 ({RR} 7... b6 8. Nc3 Bb7 9. Bg5 Bg7 10. Qd2 h6 11. Bh4 O-O 12. h3 Bc6 13. Nh2 g5 14. Bg3 e5 15. h4 Nh7 16. hxg5 hxg5 17. Ng4 b5 18. Ne3 bxa4 19. Nxa4 Nb6 20. Nxb6 Qxb6 21. Nf5 Bd7 22. Ne7+ {1-0 Vestby-Ellingsen,M (2329)-Peczely,S (2318) Titled Tue 9th Jan Late 2024 (3)}) 8. a5 O-O 9. Nfd2 $146 ({RR} 9. Nbd2 b5 10. axb6 Nxb6 11. h3 e5 12. b3 Nh5 13. Nc4 Nxc4 14. bxc4 f5 15. Ra3 fxe4 16. dxe4 Bb7 17. Ng5 Qe7 18. Bg4 Nf4 19. Bxf4 exf4 20. Rb3 Qxg5 21. Rxb7 Bd4 22. Qf3 h5 23. Be6+ Kh8 {1-0 Kovalenko,I (2639)-Manik,M (2415) EU-ch blitz Katowice 2017 (12)}) 9... Qc7 10. f4 b5 11. axb6 Nxb6 12. Nc3 e5 13. Nc4 Nxc4 14. dxc4 Bb7 15. f5 gxf5 16. Rxf5 Bc8 17. Rf2 Be6 18. Bg5 Ne8 19. Nd5 Qb7 20. Be7 Qxb2 21. Bxf8 Kxf8 22. c3 Bxd5 23. Rb1 Qxc3 24. Qxd5 Ra7 25. Bh5 Qd4 26. Bxf7 Qxd5 27. Bxd5+ Nf6 28. Rbf1 Ke8 29. Rxf6 Bxf6 30. Rxf6 a5 31. Bc6+ Kd8 32. Rxd6+ Ke7 33. Rh6 Kf8 34. Ba4 Rb7 35. Bb5 Ra7 36. Rh3 Kg7 37. Ba4 Kf6 38. Rb3 Ra6 39. Rb5 Kg5 40. g3 1-0

[Event "Olympiad Women 2024"]
[Site "Budapest HUN"]
[Date "2024.09.19"]
[Round "8.15"]
[Board "3"]
[White "Contreras Huaman, Fiorella"]
[Black "Mandura, Tijana"]
[Result "1-0"]
[WhiteElo "2168"]
[BlackElo "2207"]
[PlyCount "97"]
[EventDate "2024.09.11"]
[WhiteTeam "Peru"]
[BlackTeam "Serbia"]
[WhiteTeamCountry "PER"]
[BlackTeamCountry "SRB"]

1. e4 e5 2. Nf3 Nc6 3. Bb5 a6 4. Ba4 Bc5 5. O-O Nge7 6. c3 Ba7 7. d4 Ng6 8. Bg5 f6 9. Be3 O-O 10. d5 Nce7 11. d6 cxd6 12. Qxd6 Bb8 ({RR} 12... Bxe3 13. fxe3 b5 14. Bb3+ Kh8 15. Na3 Bb7 16. Rad1 Bxe4 17. Qxd7 Qb6 18. Kh1 Rad8 19. Qh3 Rxd1 20. Rxd1 Qxe3 21. Re1 Qf4 22. Nc2 a5 23. Ne3 Bxf3 24. Qxf3 Qxf3 25. gxf3 Rd8 26. Rd1 Rxd1+ 27. Bxd1 {0-1 Adireddy,A (2300)-Lebedev,A (1987) Titled Tue 16th Apr Early 2024 (6)}) 13. Qd3 Kh8 $146 ({RR} 13... d6 14. Bb3+ Kh8 15. Nbd2 f5 16. Ng5 Qe8 17. f4 h6 18. Ne6 Rf6 19. g4 exf4 20. Bd4 fxe4 21. Nxg7 Kxg7 22. Nxe4 Ne5 23. Nxf6 Qg6 24. Nh5+ Kh7 25. Qxg6+ N7xg6 26. Nxf4 Nh4 27. Ne6 Bxe6 28. Bxe6 {1-0 Torres Bosch,J (2188)-Miranda Llanes,Y (2347) Oviedo op 8th 2022 (3)}) ({RR} 13... d6 14. Bb3+ Kh8 15. c4 f5 16. Nc3 fxe4 17. Nxe4 Nf5 18. c5 Bd7 19. a4 Bc6 20. cxd6 Bxd6 21. Nfg5 Bxe4 22. Nxe4 Be7 23. Rfd1 Qxd3 24. Rxd3 Nxe3 25. fxe3 Rfd8 26. Rad1 Rxd3 27. Rxd3 Rd8 28. Rxd8+ {1-0 Schernthaner,D (2277)-Spalir,J (2369) TCh-AUT 2nd Mitte 2022-23 (11.3)}) 14. Rd1 d6 15. Bb3 Qe8 16. Nbd2 f5 17. a4 fxe4 18. Qxe4 Nf4 19. Ng5 Neg6 20. Bxf4 Bf5 21. Qd5 Nxf4 22. Nf7+ Kg8 23. Nxd6+ Nxd5 24. Nxe8 Be6 25. Ne4 Nf4 26. Bxe6+ Nxe6 27. N8d6 Ba7 28. Nxb7 Rfb8 29. Ned6 Rf8 30. Rd2 Rab8 31. Re1 Nc5 32. Nxc5 Bxc5 33. Nc4 Rf4 34. Nxe5 Rxa4 35. Nd7 Rc8 36. g3 Ba7 37. Re7 Ra2 38. Nf6+ gxf6 39. Rxa7 Rb8 40. Rd6 Raxb2 41. Rxf6 Rc2 42. Rff7 Rb1+ 43. Kg2 Rbb2 44. Rg7+ Kf8 45. Raf7+ Ke8 46. Rxh7 a5 47. Rf4 Rxc3 48. Ra7 Ra2 49. Rh4 1-0

[Event "Olympiad Women 2024"]
[Site "Budapest HUN"]
[Date "2024.09.19"]
[Round "8.15"]
[Board "4"]
[White "Eric, Jovana"]
[Black "Garcia Andrada, Heidy Nicole"]
[Result "1/2-1/2"]
[WhiteElo "2162"]
[BlackElo "2003"]
[PlyCount "106"]
[EventDate "2024.09.11"]
[WhiteTeam "Serbia"]
[BlackTeam "Peru"]
[WhiteTeamCountry "SRB"]
[BlackTeamCountry "PER"]

1. e4 c5 2. Nf3 Nc6 3. Nc3 e5 4. Bc4 d6 5. d3 h6 6. h3 ({RR} 6. a3 a6 7. Nd5 b5 8. Ba2 Be6 9. b4 Nf6 10. c3 g6 11. Nd2 Bg7 12. Qf3 Nd7 13. Nf1 O-O 14. Nfe3 a5 15. bxc5 Nxc5 16. Qd1 f5 17. Rb1 Rb8 18. O-O f4 19. Nc2 Ne7 20. c4 Nxd5 {½-½ Ivanchuk,V (2730)-Ljubojevic,L (2550) Olympiad-33 Elista 1998 (4.1)}) 6... g6 7. a4 ({RR} 7. a3 Bg7 8. O-O Nge7 9. Rb1 O-O 10. b4 Kh7 11. b5 Nd4 12. Nxd4 exd4 13. Ne2 d5 14. exd5 Nxd5 15. Bd2 b6 16. Re1 Bb7 17. Ng3 Qd7 18. Qg4 f5 19. Qd1 f4 20. Ne4 f3 21. Ng3 fxg2 {0-1 Guzman Lozano,C (1837)-Baskakov,E (2215) Titled Tue 16th Jan Early 2024 (7)}) 7... Bg7 8. Nh2 $146 ({RR} 8. Nd2 Nge7 9. Nf1 O-O 10. Ne3 Kh7 11. g4 Nd4 12. Ncd5 b6 13. c3 Ne6 14. Bd2 Bb7 15. Nxe7 Qxe7 16. Bd5 Nf4 17. Bc1 Bxd5 18. Nxd5 Nxd5 19. exd5 e4 20. O-O Qh4 21. Kg2 f5 22. dxe4 fxe4 {0-1 Kujawski,A (2111)-Kavutskiy,K (2394) Titled Tue 7th Nov Late 2023 (1)}) 8... Nge7 9. Ng4 Nd4 10. Ne3 Rb8 11. Ncd5 Nxd5 12. Nxd5 O-O 13. c3 Ne6 14. O-O Qh4 15. Be3 Nf4 16. Bxf4 exf4 17. Qf3 Be5 18. Rad1 Be6 19. d4 cxd4 20. cxd4 Bxd5 21. Bxd5 Bg7 22. Rfe1 Qg5 23. Qb3 b6 24. Kh1 Rbc8 25. Rd3 Rc7 26. Red1 h5 27. Rf3 Bh6 28. Qa3 Qe7 29. Rc3 Rfc8 30. Rxc7 Rxc7 31. Qd3 Kh7 32. b3 Bg7 33. Re1 Qg5 34. Bc4 Kh6 35. Re2 Kh7 36. Qd2 Kh6 37. Qd3 Qe7 38. e5 dxe5 39. dxe5 Qg5 40. e6 fxe6 41. Rxe6 Re7 42. Qd5 Rxe6 43. Qxg5+ Kxg5 44. Bxe6 Bd4 45. Kg1 Kf6 46. Bc8 Ke5 47. Kf1 a5 48. Ke2 g5 49. Bd7 Kf6 50. Kf3 h4 51. Bc8 Bc5 52. Bd7 Bd4 53. Bc8 Bc5 1/2-1/2

[Event "Olympiad Women 2024"]
[Site "Budapest HUN"]
[Date "2024.09.19"]
[Round "8.16"]
[Board "1"]
[White "Alinasab, Mobina"]
[Black "Tsolakidou, Stavroula"]
[Result "1-0"]
[WhiteElo "2336"]
[BlackElo "2444"]
[PlyCount "145"]
[EventDate "2024.09.11"]
[WhiteTeam "Iran"]
[BlackTeam "Greece"]
[WhiteTeamCountry "IRI"]
[BlackTeamCountry "GRE"]

1. e4 c5 2. Nf3 d6 3. Bb5+ Bd7 4. Bxd7+ Nxd7 5. O-O Ngf6 6. Qe2 e6 7. b3 g6 8. c3 Bg7 9. d4 O-O 10. Rd1 Qc7 11. Nbd2 $146 ({RR} 11. Bb2 a6 12. c4 cxd4 13. Bxd4 d5 14. cxd5 exd5 15. exd5 Rac8 16. Nc3 Bh6 17. Ne5 Rfe8 18. Nxd7 Nxd7 19. Qf3 f5 20. d6 Qc6 21. Qd5+ Qxd5 22. Nxd5 Kf7 23. Nb6 Rcd8 24. Nxd7 Rxd7 25. Bb6 Bf4 {½-½ Bruedigam,M (2403)-Kozul,Z (2631) Karlsruhe Grenke op 2017 (3)}) 11... Nh5 12. Nf1 Rae8 13. Ng3 Nxg3 14. hxg3 cxd4 15. cxd4 f5 16. Ba3 fxe4 17. Qxe4 Rf5 18. Rac1 Qb6 19. Rc2 Nf6 20. Qe2 Ra5 21. Rc8 d5 22. Rxe8+ Nxe8 23. Bb4 Qa6 24. Qc2 Rb5 25. Bc5 Ra5 26. a3 Qc6 27. Qe2 Ra6 28. Ne5 Qc8 29. Nd3 Rc6 30. Nb4 Rc7 31. Bxa7 Nd6 32. Bb6 Rc1 33. g4 Ne4 34. Qe1 Rxd1 35. Qxd1 Qc3 36. Ba7 Bf8 37. Nd3 Bxa3 38. f3 Qd2 39. Qxd2 Nxd2 40. b4 Nc4 41. Kf2 Nb2 42. Nc5 Bxb4 43. Nxe6 Nd1+ 44. Ke2 Nc3+ 45. Kd3 b5 46. Bb8 h6 47. Bf4 g5 48. Bd2 Na2 49. Nc7 Bxd2 50. Kxd2 b4 51. Nxd5 b3 52. g3 Kf7 53. f4 gxf4 54. gxf4 b2 55. Kc2 Nc1 56. Nc3 b1=Q+ 57. Nxb1 Ne2 58. Kd3 Nxf4+ 59. Ke4 Ne6 60. d5 Nc7 61. Nc3 Kg6 62. Kf4 h5 63. gxh5+ Kxh5 64. d6 Ne6+ 65. Ke5 Nc5 66. Ne4 Nb7 67. d7 Kg6 68. Ke6 Nd8+ 69. Ke7 Nc6+ 70. Ke8 Kf5 71. Nd6+ Ke6 72. Nc4 Kd5 73. Na5 1-0

[Event "Olympiad Women 2024"]
[Site "Budapest HUN"]
[Date "2024.09.19"]
[Round "8.16"]
[Board "2"]
[White "Avramidou, Anastasia"]
[Black "Azali, Tannaz"]
[Result "1/2-1/2"]
[WhiteElo "2290"]
[BlackElo "2125"]
[PlyCount "97"]
[EventDate "2024.09.11"]
[WhiteTeam "Greece"]
[BlackTeam "Iran"]
[WhiteTeamCountry "GRE"]
[BlackTeamCountry "IRI"]

1. e4 c5 2. Nf3 e6 3. g3 Nc6 4. Bg2 d5 5. exd5 exd5 6. d4 h6 7. O-O Nf6 8. Re1+ Be7 9. dxc5 O-O 10. Nbd2 Bxc5 11. Nb3 Bb6 12. Be3 Bg4 13. c3 Bxe3 $146 ({RR} 13... Re8 14. Nbd4 Nxd4 15. Bxd4 Rxe1+ 16. Qxe1 Bxf3 17. Bxf3 Bxd4 18. cxd4 Rc8 19. Rc1 h5 20. h4 Rxc1 21. Qxc1 g6 22. Qc5 Qb6 23. b4 Qxc5 24. dxc5 Kf8 25. Kf1 Ke7 26. Ke2 Kd7 27. Kd3 Kc6 28. Kd4 {1-0 Valdes Escobar,A (2349)-Toktomushev,T (2255) Titled Tue 28th Mar Early 2023 (7)}) 14. Rxe3 Qb6 15. Qd2 Rad8 16. Nfd4 Bh5 17. Rae1 Bg6 18. Nxc6 bxc6 19. Qd4 Be4 20. R3e2 Bxg2 21. Kxg2 Ne4 22. f3 Nd6 23. Re7 Nf5 24. Qxb6 axb6 25. Rb7 Rb8 26. Rxb8 Rxb8 27. g4 Nd6 28. Nd4 Rc8 29. Re7 c5 30. Ne2 Rd8 31. Kf2 Kf8 32. Ra7 Nc4 33. b3 Ne5 34. Ra4 Ke7 35. Ra7+ Rd7 36. Rxd7+ Nxd7 37. Ke3 Kd6 38. h4 g6 39. Ng3 Nf6 40. g5 hxg5 41. hxg5 Nd7 42. f4 Nb8 43. Nf1 Ke6 44. Kf3 Nc6 45. Nd2 Kf5 46. Nf1 Ke6 47. Nd2 Kf5 48. Nf1 Ke6 49. Nd2 1/2-1/2

[Event "Olympiad Women 2024"]
[Site "Budapest HUN"]
[Date "2024.09.19"]
[Round "8.16"]
[Board "3"]
[White "Karimi, Setayesh"]
[Black "Pavlidou, Ekaterini"]
[Result "1/2-1/2"]
[WhiteElo "2105"]
[BlackElo "2141"]
[PlyCount "207"]
[EventDate "2024.09.11"]
[WhiteTeam "Iran"]
[BlackTeam "Greece"]
[WhiteTeamCountry "IRI"]
[BlackTeamCountry "GRE"]

1. d4 Nf6 2. c4 e6 3. Nc3 Bb4 4. e3 O-O 5. Bd3 d5 6. cxd5 exd5 7. a3 Bxc3+ 8. bxc3 b6 9. Ne2 c5 10. O-O Ba6 11. Bxa6 Nxa6 12. Qd3 Qc8 ({RR} 12... Nc7 13. dxc5 bxc5 14. c4 Rb8 15. Rd1 Qe7 16. Bd2 dxc4 17. Qxc4 Ncd5 18. Rac1 Rfc8 19. Ng3 Qe5 20. h3 h5 21. Be1 Rb6 22. Rc2 Rd6 23. Rdc1 Rc7 24. Qe2 Rdc6 25. Rc4 g6 26. Qf3 Qe6 27. Ne4 {½-½ Kramnik,V (2753)-Inarkiev,E (2661) Krasnogorsk Crocus Rapid 2022 (2)}) 13. a4 ({RR} 13. Ng3 Qb7 14. f3 c4 15. Qc2 Rae8 16. Bd2 Re6 17. Rae1 Rfe8 18. Re2 Nc7 19. Rfe1 h5 20. h4 g6 21. e4 Kg7 22. e5 Ng8 23. f4 f5 24. Nxf5+ gxf5 25. Qxf5 Nb5 26. Qg5+ Rg6 27. Qxh5 Qf7 {1-0 Marakovits,N (2252)-Otsuka,S (2259) Ceske Budejovice IM 2024 (6.1)}) 13... Re8 14. a5 $146 ({RR} 14. f3 Nc7 15. Ng3 g6 16. e4 Qa6 17. Qd1 Qc4 18. Bg5 Nd7 19. Qd2 Re6 20. e5 Rae8 21. f4 f5 22. exf6 Nxf6 23. f5 gxf5 24. Nxf5 cxd4 25. Bxf6 Rxf6 26. Qg5+ Rg6 27. Ne7+ Rxe7 28. Qxe7 Ne6 {1-0 Gagarin,V (2406)-Timofeev,V (2302) Moscow op 03rd 2007 (9)}) ({RR} 14. Ba3 c4 15. Qc2 Qc6 16. Rae1 Nc7 17. Ng3 Re6 18. Re2 Rae8 19. Rfe1 g6 20. f3 h5 21. Nh1 a5 22. Nf2 b5 23. Nh3 Rb8 24. axb5 Nxb5 25. Bc1 Rbe8 26. Ng5 R6e7 27. e4 a4 28. e5 Nh7 {1-0 Zakhartsov,V (2529)-Dmitriev,I (2360) Voronezh op 2005 (2)}) ({RR} 14. Ba3 c4 15. Qc2 Qd7 16. Rfb1 Nc7 17. Bc1 h5 18. f3 g6 19. Bd2 Kg7 20. h4 Re7 21. Nf4 Nce8 22. Kf2 Nd6 23. g3 Rae8 24. Re1 Nfe4+ 25. fxe4 Nxe4+ 26. Kg1 Nxg3 27. Qd1 Nf5 28. Kf2 Nh6 {1-0 Gouloutis,N (2321)-Danielian,E (2451) Kavala op 26th 2017 (9)}) 14... c4 15. Qc2 Qc6 16. f3 b5 17. Bd2 Rab8 18. Rab1 Rb7 19. Ng3 g6 20. Rfe1 Rbe7 21. Re2 h5 22. Rbe1 h4 23. Nh1 Qb7 24. Qb1 Nc7 25. Nf2 Re6 26. e4 dxe4 27. fxe4 b4 28. Qxb4 Qxb4 29. cxb4 Nb5 30. Bg5 Nxd4 31. Rd2 Nc6 32. Bxh4 Nxb4 33. Bxf6 Rxf6 34. Rc1 Rc8 35. Rd4 Rfc6 36. Ng4 Nd3 37. Rc3 Kg7 38. Ne3 Ne5 39. Rd5 Rc5 40. Kf2 Rxd5 41. Nxd5 Rc5 42. Ra3 Ng4+ 43. Kg3 Nf6 44. Nc3 Nh5+ 45. Kf3 Kf6 46. a6 Ke5 47. Ke3 Nf6 48. h3 Nh5 49. Ra2 Ng7 50. Rb2 Rc6 51. Rb5+ Ke6 52. Ra5 Ne8 53. Nb5 Rb6 54. Kd4 f6 55. g4 Nd6 56. Nxa7 Kd7 57. g5 c3 58. Kxc3 Nxe4+ 59. Kd4 Nd6 60. gxf6 Rb4+ 61. Kc5 Rf4 62. Nb5 Rf5+ 63. Kb4 Rf4+ 64. Kc3 Rf3+ 65. Kc2 Nc4 66. a7 Nb6 67. Ra6 Na8 68. h4 Rf5 69. Nd4 Rf4 70. Kd3 Rxh4 71. Nf3 Rf4 72. Ne5+ Kc7 73. Nxg6 Rf1 74. Ke4 Kb7 75. Re6 Nc7 76. Re7 Rxf6 77. Rxc7+ Ka8 78. Rc8+ Kxa7 79. Ne5 Kb7 80. Rc1 Rd6 81. Nc4 Rd8 82. Ne3 Rd2 83. Nd5 Rh2 84. Rc7+ Ka6 85. Rc5 Rh4+ 86. Ke5 Rh5+ 87. Kd6 Rh6+ 88. Kd7 Rh7+ 89. Ne7 Kb6 90. Rc1 Kb5 91. Kd6 Rh6+ 92. Ke5 Rh5+ 93. Nf5 Kb4 94. Ke4 Rh8 95. Kd3 Rh3+ 96. Ne3 Rh4 97. Rc8 Kb5 98. Nf5 Rh5 99. Nd6+ Kb6 100. Kd4 Rh4+ 101. Ne4 Kb5 102. Rc1 Kb6 103. Rb1+ Kc6 104. Rg1 1/2-1/2